000 00318nam a2200121Ia 4500
005 20251222144910.0
008 251222s9999||||xx |||||||||||||| ||spa||
082 _a869.56/Ñ13C
100 _aCortés Espinoza, Juan Félix
245 0 _aUn Poeta de Nuestro Tiempo
264 _bJulio César Nunja Bartolo
942 _cLIB
999 _c22313
_d22313